000 00617nam a2200217 i 4500
001 bg
100 1 _aGŁOWACKI, Włodzimierz.
245 1 0 _aDzieje żeglarstwa polskiego.
_nT. 1 /
_cWłodzimierz Głowacki.
260 _aGdańsk :
_bWydaw. Morskie,
_c1989.
300 _a432, [3] s.
_bfot., mapy, portr. ;
_c25 cm.
490 1 _aHistoria Morska
_vt. 2
504 _aBibliogr. s. 399-405.
830 _aHistoria Morska
020 _a8331532764
040 _cBPK
041 _apol
080 _a797.14+629.125](438)(091)
920 _a83-315-3276-4
942 _cKS
008 s pl f |000 0 pol
999 _c29724
_d29724
856 _uhttp://koha.tu.koszalin.pl/cgi-bin/koha/opac-detail.pl?biblionumber=29724
_yKatalog online BPK